000 00600nam a22002297a 4500
003 UA-OsUOA
001 89944
007 ta
008 20121112b un ||||| |||| 00| 0 ukr d
100 _aКудрейко А.
090 _a821.161.2
_bК88
942 _cBK
040 _aUA-OsUOA
_brus
_cUA-OsUOA
_dUA-OsUOA
245 _aСтихи
300 _a224 с.
955 _a3
041 _arus
080 _a821.161.2
260 _aМ.
_bХудожественная литература
_c1975
650 7 _a82 Література. Літературознавство
_2UDC
999 _c376220
_d376220